GOLDSMITH`S CITIZEN OF THE WORLD (Record no. 82136)

MARC details
000 -LEADER
fixed length control field 00469nam a2200181Ia 4500
008 - FIXED-LENGTH DATA ELEMENTS--GENERAL INFORMATION
fixed length control field 090124s9999 xx 000 0 und d
082 ## - DEWEY DECIMAL CLASSIFICATION NUMBER
Item number 1903
100 ## - MAIN ENTRY--PERSONAL NAME
Personal name NAIKE V.N.
245 ## - TITLE STATEMENT
Title GOLDSMITH`S CITIZEN OF THE WORLD
250 ## - EDITION STATEMENT
Edition statement 0
260 ## - PUBLICATION, DISTRIBUTION, ETC. (IMPRINT)
Name of publisher, distributor, etc THE UNIVERSAL PUBLISHING HOUSE
300 ## - PHYSICAL DESCRIPTION
Extent 142
600 ## - SUBJECT ADDED ENTRY--PERSONAL NAME
Personal name NAIKE V.N.
630 ## - SUBJECT ADDED ENTRY--UNIFORM TITLE
Uniform title GOLDSMITH`S CITIZEN OF THE WORLD
700 ## - ADDED ENTRY--PERSONAL NAME
Personal name NAIKE V.N.
730 ## - ADDED ENTRY--UNIFORM TITLE
Uniform title GOLDSMITH`S CITIZEN OF THE WORLD
942 ## - ADDED ENTRY ELEMENTS (KOHA)
Koha item type Book
Holdings
Withdrawn status Lost status Damaged status Not for loan Home library Current library Date acquired Cost, normal purchase price Total Checkouts Full call number Barcode Date last seen Cost, replacement price Price effective from Koha item type
        Nagar Wachan Mandir, Thane Nagar Wachan Mandir, Thane   0.00   1903 THNNWM-1903 01/24/2009 0.00 01/24/2009 Book